[Event "Kishinev Binefacere op"]
[Site "Kishinev"]
[Date "2007.04.26"]
[Round "6"]
[White "Putiatin, Sergei"]
[Black "Dergach, Vladimir"]
[Result "0-1"]
[WhiteElo "2089"]
[BlackElo "1990"]
[PlyCount "80"]
[EventDate "2007.04.21"]
[EventType "swiss"]
[EventRounds "9"]
[EventCountry "MDA"]
[SourceTitle "CBM 118 Extra"]
[Source "ChessBase"]
[SourceDate "2007.07.04"]
[SourceVersion "1"]
[SourceVersionDate "2007.07.04"]
[SourceQuality "1"]

1. b3 Nf6 2. Bb2 e6 3. f4 d5 4. Nf3 Nbd7 5. e3 Be7 6. Be2 0-0 7. 0-0 c5 8. Qe1 b6 9. Qg3 Bb7 10. d3 Ne8 11. Nbd2 Rc8 12. Qh3 g6 13. Qh6 f6 14. Rf2 Rf7 15. Qh3 Ng7 16. g4 Qc7 17. Raf1 Rcf8 18. Qh6 e5 19. Nh4 exf4 20. exf4 c4 21. bxc4 dxc4 22. Nxc4 b5 23. Ne3 Qb6 24. d4 a6 25. c4 Re8 26. f5 g5 27. Ng6 Bd8 28. Ng2 Nf8 29. Nxf8 Rfxf8 30. c5 Qc7 31. Bf3 Bxf3 32. Rxf3 Re2 33. R3f2 Rfe8 34. Qh3 Qc6 35. Qb3+ Kh8 36. Ba3 Rxf2 37. Rxf2 Qe4 38. Bb2 Qxg4 39. Kf1 Nxf5 40. d5 Qe4 0-1

[Event "Kishinev Binefacere op"]
[Site "Kishinev"]
[Date "2007.04.22"]
[Round "2"]
[White "Putiatin, Sergei"]
[Black "Vasiliev, Alexandr"]
[Result "1-0"]
[WhiteElo "2089"]
[BlackElo "1921"]
[PlyCount "51"]
[EventDate "2007.04.21"]
[EventType "swiss"]
[EventRounds "9"]
[EventCountry "MDA"]
[SourceTitle "CBM 118 Extra"]
[Source "ChessBase"]
[SourceDate "2007.07.04"]
[SourceVersion "1"]
[SourceVersionDate "2007.07.04"]
[SourceQuality "1"]

1. g3 d5 2. Bg2 Nf6 3. Nf3 c5 4. d3 g6 5. Nbd2 Nc6 6. c3 Bg7 7. Qc2 0-0 8. 0-0 e5 9. e4 h6 10. Re1 d4 11. Nc4 Qc7 12. a4 Be6 13. cxd4 Nxd4 14. Nxd4 cxd4 15. b3 Rfc8 16. f4 Nd7 17. Rf1 Kh7 18. Qd1 Nc5 19. f5 Bxc4 20. bxc4 g5 21. f6 Bf8 22. Bh3 Ne6 23. Qh5 Re8 24. Bxe6 Rxe6 25. Bxg5 Rd8 26. g4 1-0

[Event "Kishinev Binefacere op"]
[Site "Kishinev"]
[Date "2007.04.21"]
[Round "1"]
[White "Mamaliga, Laurentiu"]
[Black "Putiatin, Sergei"]
[Result "0-1"]
[WhiteElo "1508"]
[BlackElo "2089"]
[PlyCount "72"]
[EventDate "2007.04.21"]
[EventType "swiss"]
[EventRounds "9"]
[EventCountry "MDA"]
[SourceTitle "CBM 118 Extra"]
[Source "ChessBase"]
[SourceDate "2007.07.04"]
[SourceVersion "1"]
[SourceVersionDate "2007.07.04"]
[SourceQuality "1"]

1. e4 g6 2. g3 Bg7 3. d4 d6 4. Bg2 c6 5. Nc3 Nf6 6. Nge2 Nbd7 7. 0-0 0-0 8. h3 Qc7 9. g4 e5 10. f4 exd4 11. Nxd4 Nc5 12. g5 Nh5 13. Be3 Re8 14. Re1 d5 15. e5 Ne6 16. Nxe6 Bxe6 17. Kh2 Rad8 18. Bd2 Bf8 19. Bf3 Ng7 20. h4 Nf5 21. h5 Nd4 22. hxg6 fxg6 23. Kg2 Bg7 24. Ne2 Nxf3 25. Kxf3 d4 26. Bb4 c5 27. Ba3 Bxe5 28. fxe5 Qxe5 29. Nf4 Qf5 30. Qd2 Bd5+ 31. Kg3 Qxg5+ 32. Kh2 Rf8 33. Rf1 Qh6+ 34. Kg3 Rf5 35. Bxc5 Re8 36. Bxd4 Rg5+ 0-1